[Event "35th WCh U20 Girls"]
[Site "Tarvisio ITA"]
[Date "2017.11.16"]
[Round "4"]
[White "Obolentseva, Alexandra"]
[Black "Nomin-Erdene, Davaademberel"]
[Result "0-1"]
[WhiteElo "2320"]
[BlackElo "2358"]
[EventDate "2017.11.13"]
[PlyCount "120"]

1.d4 d5 2.c4 c6 3.Nc3 Nf6 4.cxd5 cxd5 5.Bf4 Nc6 6.e3 a6 7.Bd3 Bg4 8.Nge2 
e6 9.O-O Bd6 10.Bg3 Bxg3 11.hxg3 b5 12.Rc1 Na5 13.b3 Bh5 14.Qd2 Bg6 15.Nf4
Bxd3 16.Nxd3 Nb7 17.f3 Nd6 18.Ne2 h5 19.Rc6 Nf5 20.Rfc1 O-O 21.Kf2 Ne8 22.
Nc5 a5 23.Nb7 Qg5 24.Nxa5 Ned6 25.b4 Rfd8 26.R1c2 Re8 27.Qd3 Red8 28.Rc7 
Nc4 29.Nxc4 bxc4 30.Qc3 Nd6 31.Rc5 Qf5 32.Ke1 Qd3 33.b5 Ra3 34.Qb2 Rda8 
35.Rd2 Rxa2 36.Qxa2 Rxa2 37.Rxd3 cxd3 38.Nc3 Rb2 39.Nd1 Re2+ 40.Kf1 Rd2 
41.Ke1 Re2+ 42.Kf1 Nc4 43.Rxc4 dxc4 44.b6 c3 45.Nxc3 Rb2 46.d5 exd5 47.Ke1
Rxb6 48.Nxd5 Rb1+ 49.Kd2 Rb2+ 50.Kxd3 Rxg2 51.Nf4 Rxg3 52.Ke2 g6 53.Kf2 
Rg5 54.e4 Kg7 55.Nh3 Ra5 56.Kg3 g5 57.Nf2 Ra3 58.Nh3 Rxf3+ 59.Kxf3 g4+ 60.
Kg3 gxh3 0-1

[Event "35th WCh U20 Girls"]
[Site "Tarvisio ITA"]
[Date "2017.11.16"]
[Round "4"]
[White "Khademalsharieh, Sarasadat"]
[Black "Yu, Jennifer"]
[Result "1/2-1/2"]
[WhiteElo "2419"]
[BlackElo "2321"]
[EventDate "2017.11.13"]
[PlyCount "86"]

1.d4 d5 2.c4 c6 3.cxd5 cxd5 4.Bg5 h6 5.Bh4 Qb6 6.Nc3 e6 7.Qd2 Nc6 8.e3 Bd7
9.Nf3 Rc8 10.Rc1 Bb4 11.a3 Bd6 12.Na4 Qa5 13.Nc5 Qxd2+ 14.Nxd2 Nce7 15.Rc3
Bc6 16.Bd3 Nf6 17.Ke2 b6 18.Ncb3 Kd7 19.Rhc1 Ba4 20.Bxf6 gxf6 21.g3 f5 22.
Rxc8 Nxc8 23.h3 h5 24.h4 Ne7 25.Rc3 f6 26.Bc2 Bb5+ 27.Bd3 Bxd3+ 28.Kxd3 e5
29.Nc1 f4 30.exf4 exf4 31.Ne2 fxg3 32.fxg3 Rg8 33.Nf1 Nf5 34.Kd2 Ke6 35.
Ke1 Rg4 36.Rd3 Re4 37.Kd1 a6 38.Ke1 b5 39.Kd2 b4 40.a4 a5 41.b3 Bc7 42.Kd1
Kf7 43.Kd2 Ke6 1/2-1/2

[Event "35th WCh U20 Girls"]
[Site "Tarvisio ITA"]
[Date "2017.11.16"]
[Round "4"]
[White "Tsolakidou, Stavroula"]
[Black "Assaubaeva, Bibisara"]
[Result "0-1"]
[WhiteElo "2340"]
[BlackElo "2395"]
[EventDate "2017.11.13"]
[PlyCount "104"]

1.d4 Nf6 2.c4 g6 3.Nc3 Bg7 4.e4 d6 5.Be2 O-O 6.Bg5 h6 7.Be3 c5 8.dxc5 dxc5
9.Qxd8 Rxd8 10.Nf3 Nc6 11.Bxc5 Bg4 12.Rc1 Nd7 13.Be3 Bxf3 14.gxf3 Nd4 15.
f4 e5 16.Bxd4 exd4 17.Nd5 d3 18.Bxd3 Bxb2 19.Rb1 Bd4 20.Ke2 Nb6 21.Rhd1 
Kf8 22.Kf3 Rac8 23.Bf1 Bc5 24.Nf6 Rxd1 25.Rxd1 Be7 26.Ng4 Nxc4 27.Nxh6 Nb6
28.Bd3 Rc3 29.Kg2 Na4 30.Bb1 Ra3 31.Ng4 Nc3 32.Rc1 Bd8 33.Kf1 Nxa2 34.Bxa2
Rxa2 35.Ne5 Ke7 36.Rd1 Ke8 37.Nc4 Bc7 38.e5 b5 39.Ne3 Bb6 40.Ng4 Ke7 41.
Rb1 a6 42.Rc1 b4 43.Rc6 Bd4 44.Rc7+ Ke6 45.Rb7 Rb2 46.Kg2 b3 47.Kf3 Rb1 
48.Ne3 b2 49.Nc2 Bc3 50.Rb6+ Kd5 51.Na3 Ra1 52.Rb3 Rxa3 0-1

[Event "35th WCh U20 Girls"]
[Site "Tarvisio ITA"]
[Date "2017.11.16"]
[Round "4"]
[White "Aakanksha, Hagawane"]
[Black "Shuvalova, Polina"]
[Result "1/2-1/2"]
[WhiteElo "2312"]
[BlackElo "2386"]
[EventDate "2017.11.13"]
[PlyCount "194"]

1.e4 c6 2.Nc3 d5 3.Nf3 Nf6 4.e5 Ne4 5.d4 Nxc3 6.bxc3 Bf5 7.Bd3 e6 8.O-O 
Be7 9.Bxf5 exf5 10.e6 O-O 11.Re1 fxe6 12.Rxe6 Nd7 13.Qe2 Re8 14.Bf4 Nf6 
15.Nh4 Ne4 16.Nxf5 Bf6 17.Rxe8+ Qxe8 18.Re1 Qg6 19.Nd6 Nxd6 20.Qe6+ Qf7 
21.Bxd6 Qxe6 22.Rxe6 Kf7 23.Re3 Rd8 24.Be5 Rc8 25.Re1 c5 26.Rb1 b6 27.Bxf6
Kxf6 28.dxc5 Rxc5 29.Rb3 Ra5 30.a3 Ra4 31.Kf1 g5 32.h3 h5 33.Ke2 Ke5 34.
Kd3 Rf4 35.f3 Ra4 36.Rb4 Rxa3 37.h4 Kf6 38.hxg5+ Kxg5 39.Rb5 Ra1 40.Rxd5+ 
Kg6 41.Rd6+ Kf5 42.Rd5+ Kg6 43.Rd6+ Kf5 44.Rh6 Kg5 45.Rh7 Kg6 46.Rb7 Kf5 
47.Rg7 Kf6 48.Rg8 Rd1+ 49.Kc4 Rc1 50.Kb3 Rb1+ 51.Ka2 Rg1 52.Kb2 Ke5 53.
Rg5+ Kf6 54.Rxh5 Rxg2 55.Rh7 Rf2 56.Rxa7 Ke6 57.Rb7 Rxf3 58.Rxb6+ Kd5 59.
Kb3 Kc5 60.Rh6 Rg3 61.Rh5+ Kc6 62.Kb4 Rg2 63.Rh6+ Kc7 64.Kb3 Rg3 65.Rh2 
Kc6 66.Kb4 Rg4+ 67.c4 Rg5 68.Rh6+ Kc7 69.c3 Rf5 70.c5 Rf1 71.Rh7+ Kc6 72.
Rh6+ Kc7 73.Kb5 Rb1+ 74.Kc4 Rg1 75.Rh7+ Kc6 76.Rh6+ Kc7 77.Rd6 Rh1 78.Rg6 
Rf1 79.Rg4 Kc6 80.Rg6+ Kc7 81.Rg4 Kc6 82.Rd4 Rh1 83.Rd6+ Kc7 84.Rf6 Rg1 
85.Rh6 Rf1 86.c6 Rf4+ 87.Kb5 Rf5+ 88.Kb4 Rg5 89.Re6 Rh5 90.c4 Rg5 91.Rh6 
Rf5 92.Kc3 Rg5 93.Kd4 Rg4+ 94.Kd5 Rg5+ 95.Kd4 Rg4+ 96.Kd5 Rg5+ 97.Kd4 Rg4+
1/2-1/2

[Event "35th WCh U20 Girls"]
[Site "Tarvisio ITA"]
[Date "2017.11.16"]
[Round "4"]
[White "Stiazhkina, Anna"]
[Black "Khomeriki, Nino"]
[Result "1/2-1/2"]
[WhiteElo "2301"]
[BlackElo "2347"]
[EventDate "2017.11.13"]
[PlyCount "120"]

1.e4 e5 2.Nc3 Nc6 3.f4 Nd4 4.Nf3 Bc5 5.fxe5 d6 6.Nxd4 Bxd4 7.exd6 Nf6 8.
Nb5 Nxe4 9.Qf3 Bf2+ 10.Kd1 O-O 11.d3 Qh4 12.Be2 Nxd6 13.Nxc7 Rb8 14.Bf4 
Bc5 15.Qg3 Qxg3 16.Bxg3 Nf5 17.Bf4 Bd7 18.Bf3 h6 19.h4 Nd4 20.Be4 Rbc8 21.
c3 Bg4+ 22.Kd2 Ne2 23.Bh2 Bf2 24.Nd5 Bxh4 25.Bf3 Bxf3 26.gxf3 Rfe8 27.Bd6 
Rcd8 28.Rxh4 Rxd6 29.Re4 Rxe4 30.fxe4 Ng3 31.Rg1 Nh5 32.c4 Kh7 33.c5 Re6 
34.Ke3 f5 35.Rf1 fxe4 36.dxe4 Ng3 37.Rf4 h5 38.Nc3 Kh6 39.Kd4 Re7 40.Kd5 
Kg5 41.Rf8 h4 42.Kd6 h3 43.Rh8 Nh5 44.e5 h2 45.Ne4+ Kg6 46.Rxh5 Kxh5 47.
Kxe7 Kh4 48.Nf2 g5 49.e6 g4 50.Kd8 g3 51.e7 gxf2 52.e8=Q f1=Q 53.Qe7+ Kg4 
54.Qg7+ Kh3 55.Qh6+ Kg2 56.Qg5+ Kf2 57.Qf4+ Kg2 58.Qg4+ Kf2 59.Qf4+ Kg1 
60.Qg3+ Qg2 1/2-1/2

[Event "35th WCh U20 Girls"]
[Site "Tarvisio ITA"]
[Date "2017.11.16"]
[Round "4"]
[White "Zhu Jiner"]
[Black "Ning Kaiyu"]
[Result "1-0"]
[WhiteElo "2363"]
[BlackElo "2173"]
[EventDate "2017.11.13"]
[PlyCount "87"]

1.e4 e6 2.d4 d5 3.Nc3 Nf6 4.Bg5 Be7 5.e5 Nfd7 6.Bxe7 Qxe7 7.f4 a6 8.Nf3 c5
9.Qd2 Nc6 10.Bd3 b5 11.dxc5 Nxc5 12.Ne2 Bb7 13.Ned4 Nxd4 14.Nxd4 f5 15.
exf6 Qxf6 16.Qe3 O-O 17.O-O Rae8 18.Rae1 g6 19.c3 Kh8 20.g3 Qg7 21.Nf3 Nd7
22.Rf2 Ba8 23.Rfe2 d4 24.Nxd4 e5 25.fxe5 Nxe5 26.Qd2 Nc4 27.Bxc4 Qb7 28.
Nc6 Rd8 29.Bd5 Qb6+ 30.Qe3 Qxe3+ 31.Rxe3 Rxd5 32.Re8 Rf5 33.Nd4 Rf1+ 34.
Rxf1 Rxe8 35.Rf6 Bd5 36.Rxa6 Re1+ 37.Kf2 Rh1 38.b3 Rxh2+ 39.Ke3 Rh5 40.Rb6
Re5+ 41.Kf2 Rh5 42.Rxb5 Rh2+ 43.Ke3 Bf7 44.a4 1-0

[Event "35th WCh U20 Girls"]
[Site "Tarvisio ITA"]
[Date "2017.11.16"]
[Round "4"]
[White "Mammadzada, Gunay"]
[Black "Di Benedetto, Desiree"]
[Result "1-0"]
[WhiteElo "2393"]
[BlackElo "2190"]
[EventDate "2017.11.13"]
[PlyCount "81"]

1.e4 e6 2.d4 d5 3.Nd2 Nf6 4.e5 Nfd7 5.c3 c5 6.Bd3 Nc6 7.Ne2 cxd4 8.cxd4 f6
9.exf6 Nxf6 10.Nf3 Bd6 11.O-O O-O 12.Bf4 Bxf4 13.Nxf4 Ng4 14.g3 g5 15.Ng2 
Qf6 16.Be2 Nh6 17.Qd2 Nf5 18.Rad1 g4 19.Ne5 Nfxd4 20.Nxg4 Qg7 21.f4 Bd7 
22.Ne5 Nxe5 23.Qxd4 Nc6 24.Qd2 Kh8 25.Bb5 Rac8 26.Rfe1 a6 27.Bxc6 Rxc6 28.
Re5 h6 29.Rc1 Rxc1+ 30.Qxc1 Rc8 31.Qd2 Qg6 32.Ne3 Qb1+ 33.Kg2 Qc1 34.Qd4 
Kh7 35.f5 Bb5 36.Rxe6 Rc2+ 37.Kh3 Bf1+ 38.Kg4 Be2+ 39.Kh4 Rc7 40.Rxh6+ 
Kxh6 41.Qh8+ 1-0

[Event "35th WCh U20 Girls"]
[Site "Tarvisio ITA"]
[Date "2017.11.16"]
[Round "4"]
[White "Badelka, Olga"]
[Black "Gueci, Tea"]
[Result "1-0"]
[WhiteElo "2374"]
[BlackElo "2161"]
[EventDate "2017.11.13"]
[PlyCount "49"]

1.d4 Nf6 2.c4 g6 3.Nc3 d5 4.cxd5 Nxd5 5.Bd2 Bg7 6.e4 Nxc3 7.Bxc3 c5 8.d5 
Bxc3+ 9.bxc3 Qa5 10.Qd2 Nd7 11.Nf3 b5 12.Bd3 a6 13.O-O O-O 14.e5 Bb7 15.
Bc2 Rfd8 16.Rfe1 Nf8 17.Be4 Rac8 18.Ng5 h6 19.d6 hxg5 20.Bxb7 Rb8 21.Bd5 
exd6 22.exd6 Rd7 23.Re7 Qd8 24.Bxf7+ Kg7 25.Qxg5 1-0

[Event "35th WCh U20 Girls"]
[Site "Tarvisio ITA"]
[Date "2017.11.16"]
[Round "4"]
[White "Vaishali, Ramesh Babu"]
[Black "Pratyusha, Bodda"]
[Result "1/2-1/2"]
[WhiteElo "2325"]
[BlackElo "2152"]
[EventDate "2017.11.13"]
[PlyCount "86"]

1.e4 e5 2.Nf3 Nc6 3.Nc3 Nf6 4.Bb5 Bb4 5.O-O O-O 6.d3 Bxc3 7.bxc3 d6 8.Nd2 
Ne7 9.d4 Ng6 10.Re1 c6 11.Bf1 Re8 12.a4 Qc7 13.a5 Be6 14.dxe5 dxe5 15.Nc4 
b5 16.Qd6 Qc8 17.Nxe5 Nxe5 18.Qxe5 Bb3 19.Qd4 Bxc2 20.f3 Qc7 21.c4 b4 22.
c5 b3 23.Bb2 Rad8 24.Qf2 Qf4 25.Bc3 Nd7 26.g3 Qb8 27.Ra4 Ne5 28.Rb4 Qc7 
29.a6 Nd3 30.Bxd3 Rxd3 31.Rb7 Qd8 32.Re3 Rd1+ 33.Kg2 Re7 34.Re1 Rd3 35.Re3
Rdd7 36.Rb4 h6 37.Re2 Qc8 38.Qe3 Qxa6 39.Rb8+ Kh7 40.Rh8+ Kg6 41.Qxh6+ 
gxh6 42.Rg8+ Kh7 43.Rh8+ Kg6 1/2-1/2

[Event "35th WCh U20 Girls"]
[Site "Tarvisio ITA"]
[Date "2017.11.16"]
[Round "4"]
[White "Tokhiryonova, Gulrukhbegim"]
[Black "Arda, Cagil Irmak"]
[Result "1/2-1/2"]
[WhiteElo "2306"]
[BlackElo "2139"]
[EventDate "2017.11.13"]
[PlyCount "100"]

1.e4 e6 2.d4 d5 3.Nd2 c5 4.exd5 Qxd5 5.Ngf3 cxd4 6.Bc4 Qd6 7.Nb3 Nc6 8.O-O
a6 9.Nbxd4 Nxd4 10.Nxd4 Qc7 11.Bb3 Bd6 12.Qh5 Nf6 13.Qh4 Bd7 14.Bg5 O-O-O 
15.Rad1 h6 16.Bxf6 gxf6 17.Rd3 Kb8 18.Rc3 Qa5 19.Qxf6 Qg5 20.Qxg5 hxg5 21.
g3 Be5 22.Rd3 Bb5 23.Nxb5 Rxd3 24.cxd3 axb5 25.Rd1 Bxb2 26.d4 Rd8 27.d5 
exd5 28.Bxd5 Kc7 29.Kf1 Kb6 30.Ke2 f5 31.Bb3 Kc7 32.Rxd8 Kxd8 33.Be6 f4 
34.gxf4 gxf4 35.Kd3 Ke7 36.Bd5 b6 37.Ke4 Kf6 38.h4 Bc1 39.Kf3 Kg6 40.Kg4 
b4 41.h5+ Kh6 42.Bf7 Bd2 43.Kf3 Kg5 44.Ke4 Be1 45.f3 Bd2 46.Be8 Be3 47.Kd5
Kh6 48.Ke5 Kg5 49.Kd6 Kh6 50.Ke6 Bd2 1/2-1/2

[Event "35th WCh U20 Girls"]
[Site "Tarvisio ITA"]
[Date "2017.11.16"]
[Round "4"]
[White "Dordzhieva, Dinara"]
[Black "Parnali, S. Dharia"]
[Result "1-0"]
[WhiteElo "2295"]
[BlackElo "2136"]
[EventDate "2017.11.13"]
[PlyCount "83"]

1.c4 Nf6 2.Nf3 g6 3.g3 Bg7 4.d4 O-O 5.Bg2 d6 6.Nc3 Nc6 7.O-O a6 8.d5 Na5 
9.Nd2 c5 10.Qc2 Rb8 11.b3 b5 12.Rb1 Bd7 13.Bb2 Qc8 14.Rfe1 Bh3 15.Bh1 e5 
16.dxe6 fxe6 17.Nce4 Bf5 18.Bxf6 Bxf6 19.Nxf6+ Rxf6 20.e4 Bh3 21.Qc3 Qd8 
22.e5 Rf8 23.exd6 Nb7 24.cxb5 Nxd6 25.bxa6 Qb6 26.Nc4 Qxa6 27.Nxd6 Qxd6 
28.Rbd1 Qe7 29.a4 Qf7 30.Rd2 Qa7 31.Red1 Qf7 32.a5 Bg4 33.f3 Bxf3 34.Rf1 
Qa7 35.Bxf3 c4+ 36.Kg2 cxb3 37.Rfd1 Rfc8 38.Qe5 b2 39.Rd7 Rc2+ 40.Kh3 
Rxh2+ 41.Kxh2 Qf2+ 42.Kh3 1-0

[Event "35th WCh U20 Girls"]
[Site "Tarvisio ITA"]
[Date "2017.11.16"]
[Round "4"]
[White "Vidic, Teja"]
[Black "Heinemann, Josefine"]
[Result "0-1"]
[WhiteElo "2159"]
[BlackElo "2293"]
[EventDate "2017.11.13"]
[PlyCount "76"]

1.e4 c5 2.Nf3 d6 3.Bb5+ Nd7 4.O-O a6 5.Bd3 Ngf6 6.c3 b5 7.Bc2 Bb7 8.Re1 e6
9.d4 Be7 10.a4 O-O 11.e5 dxe5 12.dxe5 Ng4 13.Qd3 g6 14.Bf4 Qc7 15.Nbd2 
Rfd8 16.Qe2 Bf8 17.h3 Nh6 18.g4 Kh8 19.Be4 bxa4 20.Bxb7 Qxb7 21.Ne4 Qc7 
22.Rxa4 a5 23.Nd6 Nb6 24.Re4 Ng8 25.Ng5 Rd7 26.h4 h6 27.Nf3 Kh7 28.Kh1 f5 
29.gxf5 gxf5 30.Nxf5 exf5 31.e6 Qb7 32.Re3 Rg7 33.c4 Rg4 34.Bg3 Ne7 35.Kh2
Bg7 36.Qd3 Rg8 37.b3 Bd4 38.Ne5 Rxh4+ 0-1

[Event "35th WCh U20 Girls"]
[Site "Tarvisio ITA"]
[Date "2017.11.16"]
[Round "4"]
[White "Terbe, Julianna"]
[Black "Choladze, Mariami"]
[Result "1-0"]
[WhiteElo "2263"]
[BlackElo "2112"]
[EventDate "2017.11.13"]
[PlyCount "71"]

1.Nf3 Nf6 2.c4 e6 3.g3 d5 4.Bg2 dxc4 5.Qa4+ Bd7 6.Qxc4 c5 7.Ne5 Qc8 8.O-O 
Nc6 9.Nxd7 Qxd7 10.Nc3 Be7 11.Qa4 O-O 12.d3 Rfc8 13.Be3 a6 14.Rfc1 b5 15.
Qd1 Rab8 16.Ne4 Nxe4 17.Bxe4 Nb4 18.a3 Nd5 19.Bd2 Bf6 20.Rc2 c4 21.Rac1 
Bxb2 22.Rxb2 c3 23.Rbc2 cxd2 24.Qxd2 Rxc2 25.Qxc2 a5 26.Bxd5 exd5 27.Qb3 
g6 28.Rc5 Qe7 29.Rxd5 b4 30.Rxa5 Qxe2 31.axb4 Qe1+ 32.Kg2 Rxb4 33.Qd5 Rb2 
34.Qd8+ Kg7 35.Qd4+ Kh6 36.Rh5+ 1-0

[Event "35th WCh U20 Girls"]
[Site "Tarvisio ITA"]
[Date "2017.11.16"]
[Round "4"]
[White "Paramzina, Anastasia"]
[Black "Antova, Gabriela"]
[Result "1/2-1/2"]
[WhiteElo "2123"]
[BlackElo "2257"]
[EventDate "2017.11.13"]
[PlyCount "62"]

1.e4 e5 2.Nf3 Nf6 3.Nxe5 d6 4.Nf3 Nxe4 5.Nc3 Nxc3 6.dxc3 Be7 7.Be3 Nc6 8.
Qd2 Be6 9.O-O-O Qd7 10.b3 O-O-O 11.Nd4 a6 12.Nxe6 fxe6 13.g3 Bf6 14.Bh3 
Kb8 15.Rhe1 Rhe8 16.c4 d5 17.Bc5 Qf7 18.Bg2 dxc4 19.Qe3 Rxd1+ 20.Rxd1 Rd8 
21.Bxc6 Rxd1+ 22.Kxd1 bxc6 23.bxc4 Qh5+ 24.Kc1 Qxh2 25.Qxe6 Qh1+ 26.Kd2 
Qa1 27.Qxc6 Qxa2 28.Ba7+ Kxa7 29.Qxc7+ Ka8 30.Qc8+ Ka7 31.Qc7+ Ka8 1/2-1/2

[Event "35th WCh U20 Girls"]
[Site "Tarvisio ITA"]
[Date "2017.11.16"]
[Round "4"]
[White "Uuriintuya, Uurtsaikh"]
[Black "Kanakova, Natalie"]
[Result "1-0"]
[WhiteElo "2213"]
[BlackElo "2134"]
[EventDate "2017.11.13"]
[PlyCount "57"]

1.e4 e6 2.d4 d5 3.Nd2 c5 4.exd5 Qxd5 5.Ngf3 cxd4 6.Bc4 Qd7 7.O-O Nc6 8.Qe2
a6 9.a4 Nf6 10.Nb3 Bd6 11.Rd1 O-O 12.Nbxd4 Nxd4 13.Rxd4 Qc7 14.Bg5 e5 15.
Rh4 Bf5 16.Bxf6 gxf6 17.Nd2 Bg6 18.Ne4 Be7 19.Nc3 b5 20.Bb3 Qc5 21.Rd1 
Rfd8 22.Nd5 f5 23.Rh3 bxa4 24.Rc3 Qd6 25.Rc6 axb3 26.Rxd6 Bxd6 27.cxb3 Kg7
28.Nb6 Rab8 29.Rxd6 1-0

[Event "35th WCh U20 Girls"]
[Site "Tarvisio ITA"]
[Date "2017.11.16"]
[Round "4"]
[White "Nurgali, Nazerke"]
[Black "Arpita, Mukherjee"]
[Result "1/2-1/2"]
[WhiteElo "2121"]
[BlackElo "2210"]
[EventDate "2017.11.13"]
[PlyCount "72"]

1.d4 Nf6 2.Nf3 g6 3.c4 Bg7 4.Nc3 O-O 5.e4 d6 6.Be2 e5 7.dxe5 dxe5 8.Qxd8 
Rxd8 9.Bg5 Re8 10.O-O-O h6 11.Bxf6 Bxf6 12.Nd5 Bd8 13.Rd2 c6 14.Nc3 Bc7 
15.Rhd1 Na6 16.Kb1 Nc5 17.b4 Ne6 18.g3 Ng7 19.Kb2 Ne6 20.a3 a5 21.Kb3 g5 
22.h3 h5 23.Kb2 Kg7 24.Ne1 Rh8 25.Nc2 axb4 26.axb4 Nd4 27.Bf1 Nxc2 28.Kxc2
Be6 29.f3 Ra3 30.g4 hxg4 31.fxg4 Bb6 32.c5 Bc7 33.Rb1 b6 34.b5 bxc5 35.b6 
Bb8 36.Rbd1 Kf6 1/2-1/2

[Event "35th WCh U20 Girls"]
[Site "Tarvisio ITA"]
[Date "2017.11.16"]
[Round "4"]
[White "Ghukasian, Siranush"]
[Black "Gomez Barrera, Javiera Belen"]
[Result "1/2-1/2"]
[WhiteElo "2207"]
[BlackElo "1972"]
[EventDate "2017.11.13"]
[PlyCount "84"]

1.e4 e5 2.Nf3 Nc6 3.Bb5 a6 4.Ba4 Nf6 5.O-O Be7 6.d3 b5 7.Bb3 d6 8.a3 O-O 
9.Nc3 Bg4 10.Be3 Nd4 11.Bxd4 exd4 12.Nd5 c5 13.h3 Be6 14.Nh2 Bxd5 15.Bxd5 
Nxd5 16.exd5 Qd7 17.f4 Rfe8 18.Qf3 Bh4 19.Qh5 Bg3 20.f5 Bxh2+ 21.Kxh2 Re5 
22.Rf4 g6 23.Qg4 Rxf5 24.Rxf5 Qxf5 25.Qxf5 gxf5 26.Re1 Kf8 27.Kg3 a5 28.
Kf4 Rb8 29.Kxf5 Kg7 30.Re4 b4 31.axb4 Rxb4 32.b3 a4 33.bxa4 Rxa4 34.Rg4+ 
Kf8 35.c4 Ra2 36.Kg5 Re2 37.Rg3 Re5+ 38.Kh6 Re3 39.Rf3 Re2 40.Rg3 Re3 41.
Rf3 Re2 42.Rg3 Re3 1/2-1/2

[Event "35th WCh U20 Girls"]
[Site "Tarvisio ITA"]
[Date "2017.11.16"]
[Round "4"]
[White "Injac, Teodora"]
[Black "Serikbay, Assel"]
[Result "1/2-1/2"]
[WhiteElo "2244"]
[BlackElo "2135"]
[EventDate "2017.11.13"]
[PlyCount "124"]

1.Nf3 Nf6 2.g3 d5 3.Bg2 e6 4.O-O c5 5.c4 Be7 6.cxd5 exd5 7.d4 b6 8.Nc3 O-O
9.Bg5 Bb7 10.dxc5 bxc5 11.Qb3 Qb6 12.Ne5 Na6 13.Bxf6 Bxf6 14.Bxd5 Qxb3 15.
axb3 Bxd5 16.Nxd5 Bxe5 17.Rxa6 Bxb2 18.Rb1 Be5 19.Rc1 f6 20.Rxc5 Rab8 21.
b4 Rb7 22.e3 Rd8 23.Kg2 Bd6 24.Rcc6 Bf8 25.Ra5 Rdb8 26.Ra4 Bxb4 27.Nxb4 
Rxb4 28.Rxa7 R4b7 29.Rc7 Rxa7 30.Rxa7 Rb5 31.h4 h5 32.Kf3 Rf5+ 33.Ke2 Kh7 
34.Re7 Kg6 35.f4 Ra5 36.Kf3 Ra4 37.Rd7 Rb4 38.Rd3 Ra4 39.e4 Ra5 40.Rc3 Rb5
41.Rd3 Ra5 42.g4 hxg4+ 43.Kxg4 Rb5 44.Rd7 Ra5 45.Re7 Rb5 46.h5+ Kh6 47.e5 
fxe5 48.fxe5 g6 49.Re6 Rb4+ 50.Kf3 Kxh5 51.Rf6 Kg5 52.Rf7 Ra4 53.Rf8 Ra6 
54.Ke4 Ra4+ 55.Kd5 Ra5+ 56.Kd6 Ra6+ 57.Ke7 Ra7+ 58.Ke6 Ra6+ 59.Kd5 Ra5+ 
60.Kd4 Ra4+ 61.Kd3 Ra3+ 62.Ke4 Ra4+ 1/2-1/2

[Event "35th WCh U20 Girls"]
[Site "Tarvisio ITA"]
[Date "2017.11.16"]
[Round "4"]
[White "Lasya, Goli"]
[Black "Cherniak, Viktoria"]
[Result "1/2-1/2"]
[WhiteElo "2087"]
[BlackElo "2236"]
[EventDate "2017.11.13"]
[PlyCount "97"]

1.c4 Nf6 2.g3 c6 3.Bg2 d5 4.cxd5 cxd5 5.Nf3 Nc6 6.O-O h6 7.d4 Bf5 8.Nc3 e6
9.Bf4 Nh5 10.Be3 Bd6 11.a3 O-O 12.b4 Rc8 13.Na4 b6 14.Rc1 Qd7 15.Qb3 Be4 
16.Nc3 Bh7 17.Ne1 Bb8 18.Nd3 Bxd3 19.exd3 Nf6 20.Ne2 Ne7 21.Bd2 Rfd8 22.b5
Ne8 23.a4 Bd6 24.Qb2 Kh7 25.Nc3 Nf5 26.Na2 Be7 27.Bh3 g6 28.Nb4 Bxb4 29.
Qxb4 Ned6 30.Bf4 Qe7 31.Qd2 g5 32.Bxd6 Nxd6 33.f4 Rxc1 34.Rxc1 Rc8 35.Rxc8
Nxc8 36.f5 Qf6 37.Qf2 Kg7 38.fxe6 fxe6 39.Qe3 Kf7 40.Bg4 Nd6 41.Qe5 Qxe5 
42.dxe5 Nb7 43.d4 Na5 44.Kf2 Nc4 45.Ke2 Nb2 46.Kd2 Nc4+ 47.Kd3 Nb2+ 48.Kc2
Nc4 49.Kd3 1/2-1/2

[Event "35th WCh U20 Girls"]
[Site "Tarvisio ITA"]
[Date "2017.11.16"]
[Round "4"]
[White "Nie Xin"]
[Black "Kiolbasa, Oliwia"]
[Result "1-0"]
[WhiteElo "2106"]
[BlackElo "2206"]
[EventDate "2017.11.13"]
[PlyCount "83"]

1.d4 Nf6 2.c4 c5 3.d5 b5 4.cxb5 a6 5.bxa6 g6 6.Nc3 Bg7 7.e4 O-O 8.Be2 d6 
9.Nf3 Bxa6 10.O-O Nbd7 11.h3 Qa5 12.Bd2 Rfb8 13.Bxa6 Qxa6 14.Qc2 c4 15.Be3
Qb7 16.Rab1 Ne8 17.Nd4 Ne5 18.Qe2 Nd3 19.Nc6 Rc8 20.a4 Kf8 21.Bg5 Rxc6 22.
dxc6 Qxc6 23.Bd2 Nc7 24.b3 Ne6 25.Nb5 Nec5 26.bxc4 Rxa4 27.Nc3 Ra8 28.Nd5 
e6 29.Rb6 Qd7 30.Nb4 Nxb4 31.Bxb4 Qc7 32.Rb5 Rb8 33.Rd1 Be5 34.Qe3 Rxb5 
35.cxb5 Qb6 36.Qe2 Kg7 37.Qc4 Bf6 38.Bc3 Nxe4 39.Bxf6+ Nxf6 40.Qc6 Qb8 41.
Rxd6 Ne4 42.Rd4 1-0

[Event "35th WCh U20 Girls"]
[Site "Tarvisio ITA"]
[Date "2017.11.16"]
[Round "4"]
[White "Yuan Ye"]
[Black "Trippold, Denise"]
[Result "1-0"]
[WhiteElo "2196"]
[BlackElo "2104"]
[EventDate "2017.11.13"]
[PlyCount "83"]

1.d4 Nf6 2.c4 e6 3.Nc3 Bb4 4.Qc2 d5 5.cxd5 exd5 6.Bg5 h6 7.Bh4 Nc6 8.e3 g5
9.Bg3 h5 10.Bd3 Qe7 11.Ne2 h4 12.Be5 Nxe5 13.dxe5 Ng4 14.O-O-O Bxc3 15.
Nxc3 c6 16.Bf5 Qxe5 17.Bxc8 Rxc8 18.Rd4 Nf6 19.Nxd5 O-O 20.Nxf6+ Qxf6 21.
Rg4 Qe7 22.Qf5 f6 23.f4 Qxe3+ 24.Kb1 Kh8 25.fxg5 fxg5 26.Qg6 Qe7 27.Rxg5 
Rf7 28.Rd1 Rcf8 29.Qh5+ Rh7 30.Qg4 Qf6 31.a3 b6 32.Rg6 Qe5 33.Rxc6 Qxh2 
34.Qd4+ Rg7 35.Rh6+ Kg8 36.Qd5+ Rgf7 37.Qg5+ Rg7 38.Qh5 Rxg2 39.Rh8+ Kg7 
40.Qh6+ Kf7 41.Rd7+ Ke8 42.Qe6# 1-0

[Event "35th WCh U20 Girls"]
[Site "Tarvisio ITA"]
[Date "2017.11.16"]
[Round "4"]
[White "Rozman, Monika"]
[Black "Janzelj, Lara"]
[Result "0-1"]
[WhiteElo "2049"]
[BlackElo "2192"]
[EventDate "2017.11.13"]
[PlyCount "82"]

1.Nf3 Nf6 2.c4 e6 3.e3 d5 4.Nc3 Be7 5.b3 O-O 6.Bb2 b6 7.Be2 Bb7 8.O-O c5 
9.cxd5 Nxd5 10.a3 Nd7 11.Nxd5 Bxd5 12.Rc1 Bf6 13.Qc2 Qe7 14.d4 cxd4 15.
Nxd4 Be5 16.e4 Bb7 17.f4 Rac8 18.Qd2 Bxd4+ 19.Qxd4 e5 20.fxe5 Nc5 21.Bc4 
Rcd8 22.Qe3 Nxe4 23.e6 fxe6 24.Kh1 Bd5 25.Bd3 Nc5 26.Rxf8+ Rxf8 27.b4 Nxd3
28.Qxd3 Qg5 29.Qe2 h6 30.h3 Qg3 31.Kg1 Rf5 32.Rc3 Qf4 33.Rc8+ Kh7 34.Bc1 
Qd4+ 35.Qe3 Qd1+ 36.Kh2 Rg5 37.g4 Qh1+ 38.Kg3 Qg2+ 39.Kh4 Rxg4+ 40.hxg4 
g5+ 41.Kh5 Qh2+ 0-1

[Event "35th WCh U20 Girls"]
[Site "Tarvisio ITA"]
[Date "2017.11.16"]
[Round "4"]
[White "Mahalakshmi, Muganda Kumar"]
[Black "Priyanka, K."]
[Result "0-1"]
[WhiteElo "2191"]
[BlackElo "2046"]
[EventDate "2017.11.13"]
[PlyCount "112"]

1.d4 Nf6 2.c4 g6 3.g3 Bg7 4.Bg2 d6 5.Nf3 O-O 6.Nc3 Nc6 7.O-O Bg4 8.h3 Bxf3
9.Bxf3 Nd7 10.e3 e5 11.d5 Ne7 12.e4 f5 13.exf5 gxf5 14.Bg2 Nc5 15.Be3 Ng6 
16.Qe2 e4 17.f3 exf3 18.Rxf3 Qd7 19.Bxc5 dxc5 20.Raf1 Bd4+ 21.Kh1 Ne5 22.
Rf4 Ng6 23.R4f3 Ne5 24.Rf4 Rae8 25.Qc2 Nxc4 26.Nd1 Nd6 27.Nf2 Qe7 28.Nd3 
Qe2 29.Qxe2 Rxe2 30.g4 Re3 31.Nc1 Bxb2 32.Nb3 c4 33.Nc5 c3 34.R4f2 Rf6 35.
Na4 f4 36.Nxb2 cxb2 37.Rxb2 f3 38.Kg1 Ne4 39.Bh1 b6 40.Rc2 Nc3 41.Rcf2 
Nxd5 42.Bxf3 Ne7 43.Kg2 Kg7 44.Rd1 Ng6 45.Rd7+ Kh6 46.Ba8 Rxf2+ 47.Kxf2 
Rxh3 48.Bd5 Rd3 49.Be6 Rxd7 50.Bxd7 Kg5 51.Kg3 Ne5 52.Be6 c5 53.a4 c4 54.
Bg8 h6 55.Be6 c3 56.Bf5 Nxg4 0-1

[Event "35th WCh U20 Girls"]
[Site "Tarvisio ITA"]
[Date "2017.11.16"]
[Round "4"]
[White "Terbe, Zsuzsanna"]
[Black "Alijanzadeh, Mohadeseh"]
[Result "1-0"]
[WhiteElo "2170"]
[BlackElo "1930"]
[EventDate "2017.11.13"]
[PlyCount "101"]

1.Nf3 Nf6 2.c4 e6 3.g3 d5 4.Bg2 Be7 5.d4 c6 6.O-O O-O 7.Qc2 b6 8.b3 Bb7 9.
Rd1 Na6 10.a3 Rc8 11.Nc3 Qc7 12.Bf4 Bd6 13.Bxd6 Qxd6 14.e4 dxe4 15.Nxe4 
Nxe4 16.Qxe4 h6 17.b4 Qe7 18.Ne5 Rc7 19.c5 b5 20.Qf4 Nb8 21.Rd3 Rd8 22.
Rad1 Rcc8 23.Rf3 Rf8 24.Re3 Nd7 25.Bh3 Kh7 26.Qe4+ f5 27.Qc2 Nxe5 28.dxe5 
Rcd8 29.Rd6 Rd7 30.Red3 Rxd6 31.Rxd6 Kg8 32.Qd3 Rf7 33.Qb3 Qg5 34.Qxe6 Qe7
35.Bxf5 Kf8 36.Qxe7+ Rxe7 37.e6 g5 38.Be4 Kg7 39.Bxc6 Bxc6 40.Rxc6 Kf6 41.
Kg2 Ke5 42.Rd6 h5 43.h3 Kf6 44.Kf3 Ke5 45.Ke3 Kf5 46.f4 g4 47.h4 Rxe6+ 48.
Rxe6 Kxe6 49.Ke4 a6 50.Kd4 Kf5 51.Kd5 1-0

[Event "35th WCh U20 Girls"]
[Site "Tarvisio ITA"]
[Date "2017.11.16"]
[Round "4"]
[White "Lahav, Michal"]
[Black "Vernet, Solene"]
[Result "1/2-1/2"]
[WhiteElo "2148"]
[BlackElo "1862"]
[EventDate "2017.11.13"]
[PlyCount "78"]

1.Nf3 Nf6 2.g3 g6 3.Bg2 Bg7 4.O-O O-O 5.c4 c5 6.Nc3 Nc6 7.d4 d6 8.d5 Nb4 
9.Re1 Re8 10.a3 Na6 11.Nd2 Rb8 12.e4 Nc7 13.a4 Ng4 14.h3 Ne5 15.Qe2 e6 16.
Qf1 exd5 17.cxd5 f5 18.Nc4 Nxc4 19.Qxc4 a6 20.Bf4 b5 21.axb5 axb5 22.Qd3 
b4 23.Nd1 fxe4 24.Rxe4 Bf5 25.Rxe8+ Qxe8 26.Qd2 Rd8 27.Ne3 Be4 28.Bg5 Ra8 
29.Rxa8 Nxa8 30.Ng4 Bxg2 31.Kxg2 Qe4+ 32.Kh2 Nb6 33.Bf6 Nxd5 34.Bxg7 Kxg7 
35.Qh6+ Kg8 36.Qg5 Kf7 37.Qh4 Ke6 38.Qxh7 Nf6 39.Nxf6 Kxf6 1/2-1/2

[Event "35th WCh U20 Girls"]
[Site "Tarvisio ITA"]
[Date "2017.11.16"]
[Round "4"]
[White "Ivanova, Simoneta"]
[Black "Shepherd, Katherine"]
[Result "1/2-1/2"]
[WhiteElo "2137"]
[BlackElo "1918"]
[EventDate "2017.11.13"]
[PlyCount "62"]

1.Nf3 d5 2.c4 c6 3.e3 Nf6 4.Nc3 e6 5.b3 Nbd7 6.Qc2 Bd6 7.Bb2 Qe7 8.Be2 e5 
9.cxd5 Nxd5 10.Ne4 Bb8 11.Ng3 g6 12.d4 O-O 13.O-O Re8 14.dxe5 Nxe5 15.Nxe5
Bxe5 16.Bxe5 Qxe5 17.Bf3 Be6 18.Qc5 Qc3 19.Qxc3 Nxc3 20.Rfc1 Nd5 21.Ne4 
Re7 22.Nc5 Nf6 23.Nxe6 Rxe6 24.Rd1 Rae8 25.Rd3 h5 26.h4 Kg7 27.Rad1 Ng4 
28.Bxg4 hxg4 29.g3 f5 30.Rd7+ R6e7 31.Kg2 Kf7 1/2-1/2